书目信息 |
| 题名: |
计量管理
|
|
| 作者: | 洪生伟 著 | |
| 分册: | ||
| 出版信息: | 北京 中国计量出版社 2007.05 |
|
| 页数: | 447页 | |
| 开本: | 21cm | |
| 丛书名: | ||
| 单 册: | ||
| 中图分类: | TB9 | |
| 科图分类: | ||
| 主题词: | 计量--ji liang--管理 | |
| 电子资源: | ||
| ISBN: | 978-7-5026-2627-3 | |
| 000 | 00792nam0 2200253 450 | |
| 001 | 012008530792 | |
| 005 | 20080221155957.04 | |
| 010 | @a978-7-5026-2627-3@dCNY36.00 | |
| 100 | @a20080221d2007 em y0chiy0120 ea | |
| 101 | 0 | @achi |
| 102 | @aCN@b110000 | |
| 105 | @ay a 000yy | |
| 106 | @ar | |
| 200 | 1 | @a计量管理@Aji liang guan li@f洪生伟著@Fhong sheng wei zhu |
| 205 | @a第5版 | |
| 210 | @a北京@c中国计量出版社@d2007.05 | |
| 215 | @a447页@d21cm | |
| 320 | @a有书目 (第446-447页) | |
| 330 | @a本书介绍了宏观计量管理和微观计量管理的内容,涉及计量学基本知识,计量单位和单位制,计量管理原理和方法,计量管理体制等。 | |
| 606 | 0 | @a计量@Aji liang@x管理 |
| 690 | @aTB9@v4 | |
| 701 | 0 | @a洪生伟@Ahong sheng wei@4著 |
| 801 | 0 | @aCN@bQSSK@c20080221 |
| 905 | @b281328-30@dTB9@eH411@f3 | |
| 计量管理/洪生伟著.-第5版.-北京:中国计量出版社,2007.05 |
| 447页;21cm |
| ISBN 978-7-5026-2627-3:CNY36.00 |
| 本书介绍了宏观计量管理和微观计量管理的内容,涉及计量学基本知识,计量单位和单位制,计量管理原理和方法,计量管理体制等。 |
| ● |
| 相关链接 |
|
|
|
正题名:计量管理
索取号:TB9/H411
 
预约/预借
| 序号 | 登录号 | 条形码 | 馆藏地/架位号 | 状态 | 备注 |
| 1 | 281328 | 202813287 | 自科库501/501自科库 20排2列4层/ [索取号:TB9/H411] | 在馆 | |
| 2 | 281329 | 202813296 | 自科库501/501自科库 20排2列4层/ [索取号:TB9/H411] | 在馆 | |
| 3 | 281330 | 202813303 | 期刊室512/501自科库 20排2列3层/ [索取号:TB9/H411] | 在馆 |